00430nam a2200133 4500082002300000245005000023260002500073490001000098500002800108650003400136942000700170999001500177952010400192 a583.79 ARAb005037 aSri Lankan Medical Plant Solanum Xanthocarpum aColombobCISIRc1999 aVol 2 aMonographs and Analysis aSri Lankan Medical Plant9107 cBK c4972d4972 0010708NFICaICbICcGENd2023-01-27l0o583.79 ARA p005037r2023-01-27 00:00:00w2023-01-27yBK